| 000 | 01232nam a2200301 i 4500 | ||
|---|---|---|---|
| 003 | DO-SdBNP | ||
| 005 | 20240618095329.0 | ||
| 007 | ta | ||
| 008 | 240618s2023 dr abo 000 j spa d | ||
| 020 | _a9789945623222 | ||
| 040 |
_aDO-SdBNP _bspa _cBNPHU _erda |
||
| 082 |
_bM385 _222 |
||
| 100 |
_aMartínez Nazar, Kathleen _973326 _eautora |
||
| 245 | 1 | 0 |
_aBuscando a la reina Cleopatra / _cKathleen Martínez Nazar ; prólogo Zahi Hawass ; edición Enrique Soldevilla Enríquez ; traducción al español Alexandra Llinás Florentino |
| 264 | 1 |
_aSanto Domingo : _bINESDYC, _c2023. |
|
| 300 |
_a113 páginas, _bilustraciones, mapas, fotografías _c25 cm. |
||
| 336 |
_2rdacontent _atexto _btxt |
||
| 337 |
_2rdamedia _asin mediación _bn |
||
| 338 |
_2rdacarrier _avolumen _bnc |
||
| 500 | _aIncluye datos biografícos de la autora en la página 108-109 | ||
| 590 | _aInventariado, 2024/ YL | ||
| 700 | 1 |
_aHawass, Zahi _eprólogo _985693 |
|
| 700 | 1 |
_aSoldevilla Enríquez, Enrique _eedición _985685 |
|
| 700 | 1 |
_aLlinás Florentino, Alexandra _etraducción al español _911384 |
|
| 710 |
_aInstituto de Educación Superior en Formación Diplomática y Consular (INESDYC) _984530 |
||
| 910 | _aYLockward | ||
| 942 |
_2ddc _cLBS1 |
||
| 999 |
_c56874 _d56874 |
||